Normal view
MARC view
- مجموعة باحثيين
Entry Personal Name
001 - CONTROL NUMBER
- control field: 48626
003 - CONTROL NUMBER IDENTIFIER
- control field: JO-AjAnu
005 - DATE AND TIME OF LATEST TRANSACTION
- control field: 20230606082023.0
008 - FIXED-LENGTH DATA ELEMENTS
- fixed length control field: 230606|| aca||aabn | a|a d
040 ## - CATALOGING SOURCE
- Original cataloging agency: JO-AjAnu
- Transcribing agency: JO-AjAnu
100 ## - HEADING--PERSONAL NAME
- Personal name: مجموعة باحثيين
670 ## - SOURCE DATA FOUND
- Source citation: Work cat.: (JO-AjAnu)24876: مجموعة باحثيين, author, ملتقى عمان الثقافي الثاني عشر: اوراق الملتقى2008